The Czech Republic in the rural Europe

Porovnanie ČR s krajinami asociovanými v Európskej únii, týkajúce sa vidieckych území, resp. ich vybrané geografické a socioekonomické ukazovatele. Analýza problematickosti rurálnych oblastí ČR v ukazovateľoch používaných pre stanovenie nepriaznivých podmienok vývoja. Problematickosť je v záveroch z...

Ausführliche Beschreibung

Gespeichert in:
Bibliographische Detailangaben
1. Verfasser: Hudečková, Helena
Weitere Verfasser: Kučerová, Eva
Format: Buchkapitel
Sprache:Englisch
Schlagworte:
Tags: Tag hinzufügen
Keine Tags, Fügen Sie das erste Tag hinzu!

MARC

LEADER 00000naa a2200000 4500
001 r043528
005 20231004090941.6
041 0 |a eng 
044 |a CZ 
245 1 0 |a The Czech Republic in the rural Europe  |c Helena Hudečková, Eva Kučerová 
520 |a Porovnanie ČR s krajinami asociovanými v Európskej únii, týkajúce sa vidieckych území, resp. ich vybrané geografické a socioekonomické ukazovatele. Analýza problematickosti rurálnych oblastí ČR v ukazovateľoch používaných pre stanovenie nepriaznivých podmienok vývoja. Problematickosť je v záveroch zhodnotená ako východzia podmienka prípadného rurálneho rozvoja. 
610 2 0 |a vidiek 
610 2 0 |a Česko 
610 2 0 |a Európska únia 
610 2 0 |a porovnanie medzinárodné 
610 2 0 |a porovnanie štatistické medzinárodné 
610 2 0 |a ukazovatele sociálne 
610 2 0 |a regióny 
610 2 0 |a rozvoj regionálny 
100 1 |a Hudečková, Helena 
700 1 |a Kučerová, Eva